000 00584nam a22001937a 4500
003 0
005 20250115112935.0
008 250115b xxu||||| |||| 00| 0 eng d
020 _a978-621-435-040-7
050 _aQ 158.5
_b.L56 2021
100 _aLimueco, Jaypee M.
245 _aPhysical science
_cJaypee M. Limueco
260 _aBulacan
_bKLEAFS Publishing
_c2021
300 _avi, 268 pages :
_billustrations and pictures ;
_c26cm.
504 _aIncludes bibliographical references and glossary.
650 _aScience.
650 _aPhysical science.
942 _2lcc
_cBK
999 _c366970
_d366970